Statistics for South American Geography A-Z

Click here to take the quiz!

General Stats

  • This quiz has been taken 265 times
  • The average score is 18 of 26

Answer Stats

HintAnswer% Correct
SDutch-speaking countrySuriname
96%
QClosest capital to EquatorQuito
95%
GWhere Darwin studied finchesGalápagos
92%
JLargest cat native to South AmericaJaguar
92%
NCountry that owns Aruba,
Bonaire, and Curaçao
Netherlands
91%
WChilean island with namesake
of New Zealand's capital
Wellington
91%
M"Lost city" of the Incas that now is
a popular tourist attraction
Machu Picchu
90%
PRegion comprised of southern
Argentina and Chile
Patagonia
90%
TLargest lakeTiticaca
87%
EIsland also known as Rapa NuiEaster
86%
LCapital with the highest elevationLa Paz
86%
ADriest desert in the worldAtacama
82%
B"Fair Winds" in SpanishBuenos Aires
81%
CMajor Rio de Janeiro beachCopacabana
81%
RCurrency of BrazilReal
75%
HTerm for a large estateHacienda
71%
IWaterfalls on the
Argentina-Brazil border
Iguazu Falls
71%
FName for a Brazilian shanty townFavela
68%
DSwampy region between
Colombia and Panama
{Darién} Gap
59%
OLongest river in VenezuelaOrinoco
59%
UMajor river on the
Argentine-Brazil border
Uruguay
57%
VCoastal Chilean cityValparaíso
48%
YPlant used to make "maté"Yerba
36%
XMajor Amazon River tributaryXingu
12%
ZTraditional dance of ArgentinaZamba
12%
KWorld's tallest single drop waterfallKaieteur Falls
7%

Score Distribution

Percentile by Number Answered

Percent of People with Each Score

Your Score History

You have not taken this quiz